Matlatzincas o pirindas (Record no. 10588)

MARC details
000 -CABECERA
campo de control de longitud fija 00841nam a2200253 a 4500
001 - NÚMERO DE CONTROL
campo de control BRL_1780
005 - FECHA Y HORA DE LA ÚLTIMA TRANSACCIÓN
campo de control 20190320211351.0
008 - DATOS DE LONGITUD FIJA--INFORMACIÓN GENERAL
campo de control de longitud fija 300715s1942----mx-a######---#000-0#spa-#
041 ## - CÓDIGO DE LENGUA
Código de lengua del texto/banda sonora o título independiente spa
044 ## - CÓDIGO DEL PAÍS DE LA ENTIDAD EDITORA/PRODUCTORA
Código MARC del país mx
050 #4 - SIGNATURA TOPOGRÁFICA DE LA BIBLIOTECA DEL CONGRESO
Número de clasificación F1221.M25
Número de documento/Ítem .G37 1942
100 1# - ENTRADA PRINCIPAL--NOMBRE DE PERSONA
Nombre de persona García Payon, José
Fechas asociadas al nombre 1896-1977
9 (RLIN) 23862
245 10 - MENCIÓN DE TÍTULO
Título Matlatzincas o pirindas
Mención de responsabilidad, etc. José García Payon.
260 ## - PUBLICACIÓN, DISTRIBUCIÓN, ETC.
Lugar de publicación, distribución, etc. México
Nombre del editor, distribuidor, etc. El Nacional
Fecha de publicación, distribución, etc. 1942
300 ## - DESCRIPCIÓN FÍSICA
Extensión 131 p.
Otras características físicas il.
Dimensiones 20 cm.
440 #0 - MENCIÓN DE SERIE/PUNTO DE ACCESO ADICIONAL--TÍTULO
Título Biblioteca del Maestro
9 (RLIN) 27683
500 ## - NOTA GENERAL
Nota general Au2024
500 ## - NOTA GENERAL
Nota general Esta obra forma el tomo iv de la serie denominada Culturas precortesianas cuya publicación patrocina el Departamento de Asuntos Indígenas.
650 14 - PUNTO DE ACCESO ADICIONAL DE MATERIA--TÉRMINO DE MATERIA
Término de materia o nombre geográfico como elemento de entrada Matlatzincas
Subdivisión general Antigüedades
9 (RLIN) 26292
650 14 - PUNTO DE ACCESO ADICIONAL DE MATERIA--TÉRMINO DE MATERIA
Término de materia o nombre geográfico como elemento de entrada Matlatzincas
Subdivisión general Cultura
9 (RLIN) 27862
650 14 - PUNTO DE ACCESO ADICIONAL DE MATERIA--TÉRMINO DE MATERIA
Término de materia o nombre geográfico como elemento de entrada Matlatzincas
Subdivisión general Historia
9 (RLIN) 27863
902 ## - CATALOGADOR
Iniciales GRL
942 ## - ELEMENTOS DE PUNTO DE ACCESO ADICIONAL (KOHA)
Fuente del sistema de clasificación o colocación Library of Congress Classification
Tipo de ítem Koha Libros
Holdings
Estado de retiro Estado de pérdida Estado dañado No para préstamo Localización permanente Ubicación/localización actual Fecha de adquisición Número de inventario Total de préstamos Signatura topográfica completa Código de barras Fecha visto por última vez Precio válido a partir de Tipo de ítem Koha
El ejemplar forma parte de la colección y puede ser consultado según las políticas vigentes.       Biblioteca Centro de Estudios Ruth D. Lechuga Biblioteca Centro de Estudios Ruth D. Lechuga 30/07/2015 Au2024   F1221.M25 .G37 1942 (Au2024) GRL01949 22/03/2019 22/03/2019 Libros